Visualizzazione normale
Vista MARC
- Gounod Charles
di Personal Name
Records bibliografici associati: 1
001 - CONTROL NUMBER
- control field: 20237
003 - CONTROL NUMBER IDENTIFIER
- control field: IT-RoPau
005 - DATE AND TIME OF LATEST TRANSACTION
- control field: 20140411103430.0
008 - FIXED-LENGTH DATA ELEMENTS
- fixed length control field: 140411|| aca||aabn | a|a d
040 ## - CATALOGING SOURCE
- Original cataloging agency: IT-RoPau
- Transcribing agency: IT-RoPau
100 ## - HEADING--PERSONAL NAME
- Personal name: Gounod Charles
- Miscellaneous information: Codice autore SPICS: 10670
- Relator term: Autore
- Name of part/section of a work: Ave Maria
670 ## - SOURCE DATA FOUND
- Source citation: Work cat.: (IT-RoPau)98884: AA.VV. 794, Capolavori della grande musica (I)-vol.02 (Sogni e meditazioni)